000 00624nam1a22002051i 4500
001 rc\3569583
005 20240723222236.0
035 _a(NLR Aleph) 007690818
090 _a6639346
_c6639346
100 _a20130115d1974 |||y0rusy50 ca
101 0 _arus
102 _aRU
105 _ay z |||||
200 1 _aПо законам морального кодекса строителя коммунизма
_eБеседы о ком. морали
_e[1-7]
210 _aРостов-на-Дону
_cБ. и.
_d1974
215 _d16
801 0 _aRU
_bNLR
_gpsbo
801 1 _aRU
_bELAR
_2rusmarc
852 _aNLR
_j74-2/1594
942 _cBOOK